Regionálny pohľad na vývoj stavebného trhu v Slovenskej republike Štatistická analýza
Gespeichert in:
| 1. Verfasser: | |
|---|---|
| Weitere Verfasser: | , |
| Format: | Buch |
| Sprache: | Slowakisch |
| Veröffentlicht: |
Bratislava
Ústav ekonomiky a organizácie stavebníctva
1992
|
| Ausgabe: | 1. vyd. |
| Schlagworte: | |
| Tags: |
Keine Tags, Fügen Sie das erste Tag hinzu!
|
MARC
| LEADER | 00000nam a2200000 4500 | ||
|---|---|---|---|
| 001 | c002566 | ||
| 005 | 20221214090502.8 | ||
| 041 | 0 | |a slo | |
| 044 | |a SK | ||
| 245 | 1 | 0 | |a Regionálny pohľad na vývoj stavebného trhu v Slovenskej republike |b Štatistická analýza |c Hedviga Kalníková, Katarína Plešková, Katarína Rakovská |
| 250 | |a 1. vyd. | ||
| 264 | 1 | |a Bratislava |b Ústav ekonomiky a organizácie stavebníctva |c 1992 | |
| 300 | |a 65 s. | ||
| 610 | 2 | 0 | |a stavebníctvo |
| 610 | 2 | 0 | |a trh |
| 610 | 2 | 0 | |a Slovensko |
| 610 | 2 | 0 | |a analýza štatistická |
| 610 | 2 | 0 | |a výstavba investičná |
| 610 | 2 | 0 | |a práca stavebná |
| 610 | 2 | 0 | |a pracovníci |
| 610 | 2 | 0 | |a mzdy |
| 610 | 2 | 0 | |a produktivita práce |
| 610 | 2 | 0 | |a podnik stavebný |
| 610 | 2 | 0 | |a výsledok hospodársky |
| 610 | 2 | 0 | |a regióny |
| 100 | 1 | |a Kalníková, Hedviga | |
| 700 | 1 | |a Plešková, Katarína | |
| 700 | 1 | |a Rakovská, Katarína | |